000 00725cam a22002533a 4500
001 4004
003 PGUSA
005 20140828083041.0
008 030501s2003||||xxu|||||s|||||000 e eng d
040 _aPGUSA
_beng
042 _adc
050 4 _aPR
100 1 _aShaw, Bernard,
_d1856-1950
245 1 0 _aOn the Prospects of Christianity :
_bBernard Shaw's Preface to Androcles and the Lion
_h[electronic resource] /
_cBernard Shaw
260 _bProject Gutenberg,
_c2003
506 _aPublic domain in the USA.
516 _aElectronic text
653 _aChristianity
653 _aEssays
653 _aPrefaces
830 0 _aProject Gutenberg
_v4004
856 4 0 _uhttp://www.gutenberg.org/ebooks/4004
942 _cEB
999 _c233333
_d233333